LEADER 03842nam 2200721Ia 450 001 9910457656403321 005 20200520144314.0 010 $a0-8166-8533-9 035 $a(CKB)1000000000347173 035 $a(EBL)310252 035 $a(OCoLC)476093298 035 $a(SSID)ssj0000177929 035 $a(PQKBManifestationID)11198899 035 $a(PQKBTitleCode)TC0000177929 035 $a(PQKBWorkID)10218060 035 $a(PQKB)11487380 035 $a(SSID)ssj0000280715 035 $a(PQKBManifestationID)12061799 035 $a(PQKBTitleCode)TC0000280715 035 $a(PQKBWorkID)10291203 035 $a(PQKB)11707371 035 $a(OCoLC)232159879 035 $a(MdBmJHUP)muse39350 035 $a(MiAaPQ)EBC310252 035 $a(Au-PeEL)EBL310252 035 $a(CaPaEBR)ebr10159422 035 $a(CaONFJC)MIL523412 035 $a(EXLCZ)991000000000347173 100 $a19960410d1993 uy 0 101 0 $aeng 135 $aur|n|---||||| 181 $ctxt 182 $cc 183 $acr 200 00$aIn the nature of things$b[electronic resource] $elanguage, politics, and the environment /$fJane Bennett and William Chaloupka, editors 210 $aMinneapolis $cUniversity of Minnesota Press$dc1993 215 $a1 online resource (292 p.) 300 $aDescription based upon print version of record. 311 $a0-8166-2308-2 311 $a0-8166-2307-4 320 $aIncludes bibliographical references and index. 327 $aContents; Introduction: TV Dinners and the Organic Brunch; Part I: The Call of the Wild; Chapter 1 The Great Wild Hope: Nature, Environmentalism, and the Open Secret; Chapter 2 Building Wilderness; Chapter 3 Intimate Distance: The Dislocation of Nature in Modernity; Part II: Animal and Artifice; Chapter 4 ""Manning"" the Frontiers: The Politics of (Human) Nature in Blade Runner; Chapter 5 Brave New World in the Discourses of Reproductive and Genetic Technologies; Chapter 6 Going Wild: The Contested Terrain of Nature; Part III: Environmentalist Talk 327 $aChapter 7 Restoring Nature: Natives and ExoticsChapter 8 Green Consumerism: Ecology and the Ruse of Recycling; Chapter 9 Green Fields/Brown Skin: Posting as a Sign of Recognition; Part IV: The Order(ing) of Nature; Chapter 10 Voices from the Whirlwind; Chapter 11 Ecotones and Environmental Ethics: Adorno and Lopez; Chapter 12 Primate Visions and Alter-Tales; Contributors; Index; A; B; C; D; E; F; G; H; I; J; K; L; M; N; O; P; Q; R; S; T; U; V; W; Y 330 $aInformed by recent developments in literary criticism and social theory, In the Nature of Things addresses the presumption that nature exists independent of culture and, in particular, of language. The theoretical approaches of the contributors represent both modernist and postmodernist positions, including feminist theory, critical theory, Marxism, science fiction, theology, and botany. They demonstrate how the concept of nature is invoked and constituted in a wide range of cultural projects-from the Bible to science fiction movies, from hunting to green consumerism. Ultimately, it weeks to l 606 $aHuman ecology$xPhilosophy 606 $aPhilosophy of nature 606 $aEnvironmental ethics 606 $aEnvironmental protection$xMoral and ethical aspects 608 $aElectronic books. 615 0$aHuman ecology$xPhilosophy. 615 0$aPhilosophy of nature. 615 0$aEnvironmental ethics. 615 0$aEnvironmental protection$xMoral and ethical aspects. 676 $a304.2/01 701 $aBennett$b Jane$f1957-$0885724 701 $aChaloupka$b William$f1948-$0931418 801 0$bMiAaPQ 801 1$bMiAaPQ 801 2$bMiAaPQ 906 $aBOOK 912 $a9910457656403321 996 $aIn the nature of things$92095209 997 $aUNINA LEADER 03212oam 22006855 450 001 9910777892903321 005 20230920163457.0 010 $a1-280-85759-5 010 $a9786610857593 010 $a0-8213-6596-7 024 7 $a10.1596/978-0-8213-6595-3 035 $a(CKB)1000000000470150 035 $a(EBL)459351 035 $a(OCoLC)228171919 035 $a(SSID)ssj0000085725 035 $a(PQKBManifestationID)11120979 035 $a(PQKBTitleCode)TC0000085725 035 $a(PQKBWorkID)10010428 035 $a(PQKB)11049012 035 $a(MiAaPQ)EBC459351 035 $a(Au-PeEL)EBL459351 035 $a(CaPaEBR)ebr10176224 035 $a(CaONFJC)MIL85759 035 $a(The World Bank)123416882 035 $a(The World Bank)ocn123416882 035 $a(US-djbf)14859614 035 $a(EXLCZ)991000000000470150 100 $a20070522d2007 uf 0 101 0 $aeng 135 $aurcn||||||||| 181 $ctxt$2rdacontent 182 $cc$2rdamedia 183 $acr$2rdacarrier 200 10$aCapacity building in economics education and research /$fFrancois Bourguignon, Yehuda Elkana, and Boris Pleskovic, editors 210 1$aWashington, D.C. :$cWorld Bank,$dc2007. 215 $axi, 352 pages $cillustrations ;$d26 cm 300 $aThe Central European University and the World Bank jointly organized a conference entitled "Scaling Up Capacity Building in Economics Education and Research : Lessons Learned and Future Directions," which took place at the CEU campus in Budapest, Hungary, on June 14-15, 2005. 311 $a0-8213-6595-9 320 $aIncludes bibliographical references. 327 $aContents; Foreword; Acknowledgments; Introduction; Opening Remarks; Opening Remarks; Keynote Address: Disciplines of Social Sciences: Separation or Cooperation?; Lessons of Experience and Future Directions; Regional Perspectives; Developing Graduate Economics Education Programs; Scaling Up Capacity Building to Underserved Regions 330 $aThis book presents papers from the conference on ""Scaling up the Success of Capacity Building in Economic Education and Research,"" which took place in Budapest at the Central European University campus. It includes contributions from key researchers, academics and policy makers from Europe, the United States, and developing countries that identify and brainstorm on capacity building challenges. 410 0$aWorld Bank e-Library. 606 $aEconomics$xStudy and teaching (Higher)$zDeveloping countries$vCongresses 606 $aEconomics$xResearch$zDeveloping countries$vCongresses 606 $aEconomists$xTraining of$zDeveloping countries$vCongresses 615 0$aEconomics$xStudy and teaching (Higher) 615 0$aEconomics$xResearch 615 0$aEconomists$xTraining of 676 $a330.071/11724 701 $aBourguignon$b Franc?ois$0374856 701 $aElkana$b Yehuda$f1934-2012$045132 701 $aPleskovic$b Boris$0126701 712 02$aWorld Bank. 801 0$bDJB 801 1$bDJB 801 2$bDLC 906 $aBOOK 912 $a9910777892903321 996 $aCapacity building in economics education and research$93687463 997 $aUNINA